000 02164cam a22002891i 4500
003 SA-RiAUC
005 20250714044420.0
008 250713s2007 su g 000 0cara c
020 _a9960561054
040 _aSA-EnSBSSC
_bara
_cSA-RiAUC
_erda
082 0 4 _a920.02
_qSA-RiAUC
090 _a920.02
_bح م د
100 1 _aالحمد، محمد بن إبراهيم أحمد،
_d1385 هجري-
_eمؤلف.
245 1 0 _aتراجم لتسعة من الأعلام /
_cتأليف محمد بن إبراهيم الحمد.
250 _aالطبعة الأولى.
264 1 _aالرياض :
_bدار ابن خزيمة للنشر والتوزيع،
_c2007.
300 _a593 صفحة ؛
_c24 سم
336 _aنص
_btxt
_2rdacontent
_3كتاب
337 _aبدون وسيط
_bn
_2rdamedia
338 _aمجلد
_bnc
_2rdacarrier
650 7 _aالعلماء المسلمون
_vتراجم
_2aucsh
650 7 _aالفقهاء المسلمون
_vتراجم
_2aucsh
856 _uhttp://saaid.net/book/10/3286.rar
_yDigital Copy
_2 نرجو الانتباه لإمكانية وجود اختلاف في الطبعة أو الناشر بين البيانات على البوابة وما ستجده على الكتاب نظرا لمحدودية المعلومات المتاحة على الموقع الناشر للمادة.
_3Please note that there may be a difference in the edition or publisher between the data on the portal and the book due to the limited information available on the publisher website for the material.
856 _uhttp://saaid.net/book/open.php?cat=7&book=4583
_yExternal Link
_2 نرجو الانتباه لإمكانية وجود اختلاف في الطبعة أو الناشر بين البيانات على البوابة وما ستجده على الكتاب نظرا لمحدودية المعلومات المتاحة على الموقع الناشر للمادة.
_3Please note that there may be a difference in the edition or publisher between the data on the portal and the book due to the limited information available on the publisher website for the material.
942 _2ddc
_cBOOK
_n0
949 _aSA-JeALM
_d250713
_uosman123
_n1
999 _c9905
_d9905